000 00719nam a2200205Ii 4500
003 JO-AjNU
008 230605s9999||||xx |||||||||||||| ||und||
040 _aJO-AjNU
_bara
_erda
_cJO-AjNU
041 _aara
050 1 4 _aBP173.6.S5288 1995
100 3 _aالشواف، منير محمد طاهر,
_eauthor
_914169
245 0 0 _aتهافت الدراسات المعاصرة في الدولة والمجتمع
250 _aط1
264 3 1 _aالرياض: دار الشواف للنشر والتوزيع، 1995
300 _a224ص
336 _atext
_btxt
_2rdacontent
337 _aunmediated
_bn
_2rdamedia
338 _avolume
_bnc
_2rdacarrier
650 4 _aالاسلام والاصلاح الاجتماعي
_914170
999 _aA3715
_c7283
_d7283